WCDMA: towards IP mobility and mobile internet

Saved in:
Bibliografiske detaljer
Hovedforfatter: Ojanperä, Tero (Author)
Format: Bog
Sprog:engelsk
Udgivet: Boston Artech House 2001
Serier:The Artech House Universal Personal Communications Series
Fag:
Tags: Tilføj Tag
Ingen Tags, Vær først til at tagge denne postø!

MARC

LEADER 00000nam a2200000 a 4500
001 UCN5941
003 CL-VaPUC
008 010913e20010000US |||||||||||||||||eng|d
082 0 4 |a 621.3845  |b OJA  |2 21 
100 0 |a Ojanperä, Tero  |e author  |9 461659 
245 1 0 |a WCDMA: towards IP mobility and mobile internet 
300 |a 477 p 
942 |c BK 
945 |d 20010913 00:00:00  |a vberengu 
260 |a Boston  |b Artech House  |c 2001 
650 7 |a COMUNICACION MOVIL  |2 CL-VaPUC  |9 453730 
650 0 |a Telecomunicaciones   |9 257195 
650 7 |a TELEFONIA  |2 CL-VaPUC  |9 408996 
650 7 |a INGENIERIA TELEFONICA  |2 CL-VaPUC  |9 461660 
650 0 |a Sistemas de comunicación   |9 260934 
583 |a last modification  |c 20170823 12:40:42  |k Rodrigo Vera 
490 0 |a The Artech House Universal Personal Communications Series 
999 |c 297043  |d 297041 
952 |0 0  |1 0  |4 0  |6 621_384500000000000_OJA_2001  |7 0  |8 A  |9 351427  |a BIBING  |b BIBING  |d 2019-11-21  |i 3751945  |o 621.3845 OJA 2001  |p 3751945  |r 2025-01-20  |w 2019-11-21  |y BK  |k EIE